000 00810cam a22002651 4500
001 3779
003 BD-RjUL
005 20211208233801.0
008 131221s1956 enka 001 0 eng
035 _a(BD-RjUL)3813
035 _a(OCoLC)1460403
040 _aDLC
_cFM
_dOCoLC
_dUk
_dDLC
_dDLBD-RjUL
_beng
041 _aeng
082 _a332.41
_bCHE
100 1 _aCharlesworth, Harold Kerr.
_912018
245 1 4 _aThe economics of repressed inflation /
_cHarold Kerr Charlesworth
260 _aLondon :
_bAllen & Unwin,
_cc1911 [published 1956].
300 _a126 p.
_bdiagrs., tables ;
_c22 cm.
504 _aIncludes index.
650 0 _aInflation (Finance)
_zGreat Britain.
_911771
650 0 _aCurrency question
_zGreat Britain.
_911102
942 _2ddc
_cBK
999 _c3779
_d3779